Salvador Dalí: 1904-1989

Shranjeno v:
Bibliografske podrobnosti
Glavni avtor: Néret, Gilles (autor)
Format: Knjiga
Jezik:španščina
Izdano: Colonia Taschen 1999
Teme:
Oznake: Označite
Brez oznak, prvi označite!

MARC

LEADER 00000nam a2200000 a 4500
001 UCN4370
003 CL-VaPUC
005 20240731102536.0
008 010803e19990000GW |||||||||||||||||spa|d
999 |c 296619  |d 296617 
020 |a 3822865508 
040 |c Pontificia Universidad Católica de Valparaíso 
082 0 4 |a 759.46  |b NER  |2 21 
100 |a Néret, Gilles  |e autor  |9 450026 
245 1 0 |a Salvador Dalí: 1904-1989 
260 |a Colonia  |b Taschen  |c 1999 
300 |a 96 p 
583 |a last modification  |c 20010803 00:00:00  |k Rodrigo Vera 
600 |a Dalí, Salvador,  |d 1904-1989  |9 874841 
650 0 |a Arte moderno  |9 265333 
650 0 |a Pintores españoles  |9 315216 
650 0 |a Surrealismo  |9 265502 
942 |c BK  |2 ddc 
945 |d 20010803 00:00:00  |a vberengu 
952 |0 0  |1 0  |4 0  |6 759_460000000000000_NER_1999  |7 0  |8 A  |9 350561  |a BIBHIS  |b BIBHIS  |d 2019-11-20  |i 3740455  |o 759.46 NER 1999  |p 3740455  |r 2025-01-20  |w 2019-11-20  |y BK  |k HIS 
952 |0 0  |1 0  |4 0  |6 759_460000000000000_NER_1999  |7 0  |8 A  |9 350562  |a BIBHIS  |b BIBHIS  |d 2019-11-20  |i 4145038  |o 759.46 NER 1999  |p 4145038  |r 2025-01-20  |w 2019-11-20  |y BK  |k HIS